000 00311nam a2200145Ia 4500
100 _aWonnacott R.J & T.H
942 _cBK
654 _astatistics
245 _aIntroductory statistics
260 _bJohn wiley
_aSingapore
_c1985
082 _a519.5
_bWON
300 _a649
546 _aENGLISH
999 _c34584
_d34584